México 68 Programa Cultural de la XIX Olimpiada : Las tentaciones de María Egipcíaca /
Programa de la obra Las tentaciones de María egipciaca, presentada en el teatro Xola en febrero de 1968, dentro del marco de los XIX juegos olímpicos. Esta obra está basada en la historia de la vida de Santa María Egipciaca (siglo V), narrada en un poema del siglo XIII compuesto de mil ochocientos c...
Na minha lista:
| Autores corporativos: | , , |
|---|---|
| Formato: | Anais de Congresso Livro |
| Idioma: | espanhol |
| Assuntos: | |
| Tags: |
Sem tags, seja o primeiro a adicionar uma tag!
|
MARC
| LEADER | 00000nam^a2200000^a^4500 | ||
|---|---|---|---|
| 001 | 000189999 | ||
| 005 | 20250526000000.0 | ||
| 009 | 20260310102432.882 | ||
| 037 | |a Acervo ITESO - Biblioteca | ||
| 041 | |a ESP | ||
| 082 | |a 796. 48 |b JUE 1968 CUL V. 49 | ||
| 111 | |a Juegos Olímpicos ( |n 19° : |d 1968 : |c México) | ||
| 240 | 1 | 1 | |a [Programa cultural de los juegos de la XIX Olimpiada] |
| 240 | 1 | 1 | |a [Festival Internacional de Bellas Artes] |
| 245 | 1 | 0 | |a México 68 Programa Cultural de la XIX Olimpiada : |b Las tentaciones de María Egipcíaca / |c Comité Olímpico Mexicano. |
| 264 | |a México : |b Comité Olímpico Mexicano, |c 1968 | ||
| 300 | |a 1 folleto (24 p.) ; |c 25.0 cm. | ||
| 336 | |a texto |b txt |2 rdacontenido | ||
| 337 | |a sin mediación |b n |2 rdamedio | ||
| 338 | |a volumen |b nc |2 rdasoporte | ||
| 520 | |a Programa de la obra Las tentaciones de María egipciaca, presentada en el teatro Xola en febrero de 1968, dentro del marco de los XIX juegos olímpicos. Esta obra está basada en la historia de la vida de Santa María Egipciaca (siglo V), narrada en un poema del siglo XIII compuesto de mil ochocientos cincuenta versos, de los cuáles, para esta representación, sólo se utilizaron trescientos veinticinco y siete adaptaciones basadas en dos renglones del poema. | ||
| 546 | |a Edición trilingüe español-francés-inglés | ||
| 649 | |a XX | ||
| 650 | |a Juegos Olímpicos - |z México - |x Historia - |y 1964-1970 | ||
| 650 | |a Juegos Olímpicos - |x Historia | ||
| 650 | |a Teatro Religioso - |x Historia y Crítica | ||
| 650 | |a Teatro Mexicano - |x Historia y Crítica - |x Tema Principal | ||
| 650 | |a Teatro - |z México (Ciudad) - |x Historia y Crítica | ||
| 650 | |a Cultura - |z México - |x Historia - |y 1964-1970 | ||
| 710 | |a Comité Olímpico Mexicano | ||
| 710 | |a Comité Olímpico Internacional | ||
| 910 | |a Fondo Julio de la Peña Lomelín | ||
| 920 | |a Impresos - Libros | ||
| 930 | |a Libros Antiguos y Raros | ||
| 940 | |a Arquitectos Jaliscienses | ||
| 905 | |a 108 | ||
| 901 | |a 0500133836 |b IT2 |c LRA |u 20250526 | ||
| 902 | |a https://opac.biblio.iteso.mx/vufind/Record/000189999 | ||